000 00961nam a22001817a 4500
999 _c63775
_d63775
003 Ge_BSU
005 20260112185019.0
008 260112s1961 ge ||||| |||| 00| 0 geo d
041 _ageo
080 _a911.3:33(479.22) ს-32
245 _aსაქართველოს სსრ ეკონომიური გეოგრაფია /
_cსაქ. სსრ მეცნ. აკად., ვახუშტის სახ. გეოგრაფიის ინ-ტი, სსრკ მეცნ. აკად., გეოგრაფიის ინ-ტი.
264 _aთბ. :
_bცოდნა,
_c1961.
300 _a396 გვ. :
_b 32 ფ. ილ. 9 ფ. რუკ. ;
_c23 სმ.
500 _aდამატ. თავფურც. რუს. ენ.
504 _aბიბლიოგრ: გვ. 389-395.
653 _aსაქართველოს ეკონომიური გეოგრაფია.
942 _2udc
_cBK